00325nam a2200133Ia 4500008004100000041000800041082001400049100002000063245002000083250001400103260003900117300002300156365001200179240624s9999 xx 000 0 und d aeng a519.5 ASH aASHER HERBERT B aCASUAL MODELING a(2nd ed.) c1983aNew DelhibSage Publications a96 : p. : cm. ; 21 cBPSb30